000 00470cam a2200193 4500
001 D2120
008 090401t1984 xxu||||| |||| 00| 0 eng d
035 _a(Sirsi) u67506
041 _aeng
050 _a333.336
110 _aC.A.L.U.S.
_91849
245 _aDevelopment for high technology
260 _aReading
_bCollege of Estate Management
_c1984
300 _a78p. 30cm
350 _a0
490 _aCALUS Property Studies
942 _n0
948 _c04/03/1997
999 _c95019
_d95019